[Event "Skakligaen 2005/06"]
[Site "Denmark"]
[Date "2005.11.20"]
[Round "3.1"]
[White "Hillarp Persson, Tiger"]
[Black "Matthiesen, Martin"]
[Result "1/2-1/2"]
[WhiteElo "2534"]
[BlackElo "2361"]
[PlyCount "137"]
[EventDate "2005.11.05"]
[EventType "team"]
[EventRounds "9"]
[EventCountry "DEN"]
[WhiteTeam "Bronshoj"]
[BlackTeam "SK1968"]
[WhiteTeamCountry "DEN"]
[BlackTeamCountry "DEN"]

1. d4 d5 2. c4 e6 3. Nc3 Be7 4. Nf3 Nf6 5. Bg5 O-O 6. e3 h6 7. Bxf6 Bxf6 8. Qd2
dxc4 9. Bxc4 c5 10. O-O cxd4 11. exd4 a6 12. Rfd1 b5 13. Bb3 Bb7 14. Qe3 Qb6
15. Ne4 Nd7 16. Rd2 Rfe8 17. Rad1 Rad8 18. h4 Be7 19. d5 exd5 20. Bxd5 Bxd5 21.
Rxd5 Qxe3 22. fxe3 Nf6 23. Nxf6+ Bxf6 24. Rxd8 Bxd8 25. Rd6 Bf6 26. Rxa6 Bxb2
27. Rb6 Ra8 28. Rxb5 Rxa2 29. Rb8+ Kh7 30. Rb7 Bc1 31. e4 Ra7 32. Rxa7 Be3+ 33.
Kf1 Bxa7 34. Ne5 Kg8 35. h5 Bd4 36. Nc6 Bb2 37. Ke2 Kf8 38. Kd3 Ke8 39. Kc4 Kd7
40. Kd5 Bc3 41. e5 Bb2 42. Na5 Ke7 43. Nc4 Bc1 44. Nd6 Bb2 45. Nf5+ Kf8 46. g4
Bc3 47. Kd6 Bb4+ 48. Kd5 Bc3 49. Nd6 Ke7 50. Nc8+ Kd7 51. Nd6 Ke7 52. Nf5+ Kf8
53. Kd6 Bb4+ 54. Kc6 Bc3 55. Kd5 Bb2 56. Nd6 Ke7 57. Nc8+ Kd7 58. Nb6+ Ke7 59.
Nc4 Bc3 60. Ne3 Bb2 61. Nf5+ Kf8 62. Ke4 Ba1 63. Ne3 Ke7 64. Kf5 Bb2 65. Nd5+
Kf8 66. Ke4 Ke8 67. Nf4 Ke7 68. Kd5 Bc3 69. Ne2 1/2-1/2

[Event "Skakligaen 2005/06"]
[Site "Denmark"]
[Date "2005.11.20"]
[Round "3.2"]
[White "Matthiesen, Arne"]
[Black "Pilgaard, Kim"]
[Result "1/2-1/2"]
[WhiteElo "2368"]
[BlackElo "2417"]
[PlyCount "65"]
[EventDate "2005.11.05"]
[EventType "team"]
[EventRounds "9"]
[EventCountry "DEN"]
[WhiteTeam "SK1968"]
[BlackTeam "Bronshoj"]
[WhiteTeamCountry "DEN"]
[BlackTeamCountry "DEN"]

1. Nf3 Nf6 2. c4 b6 3. d4 e6 4. g3 Bb7 5. Bg2 Be7 6. O-O O-O 7. Re1 d5 8. cxd5
exd5 9. Nc3 Nbd7 10. Bf4 c5 11. Rc1 Ne4 12. a3 Ndf6 13. Ne5 Nxc3 14. Rxc3 Ne4
15. Bxe4 dxe4 16. dxc5 bxc5 17. Nd7 Re8 18. Nxc5 Bxc5 19. Rxc5 Qb6 20. b4 Qe6
21. Be3 Rad8 22. Qc2 Bd5 23. b5 Qh3 24. Rc1 h6 25. Qc3 Be6 26. Qe1 Rd7 27. Qf1
Qg4 28. Rc8 Rxc8 29. Rxc8+ Kh7 30. Rc1 Bb3 31. f3 exf3 32. Qxf3 Qe6 33. Rf1
1/2-1/2

[Event "Skakligaen 2005/06"]
[Site "Denmark"]
[Date "2005.11.20"]
[Round "3.3"]
[White "Hoi, Carsten"]
[Black "Hansen, Lars"]
[Result "1-0"]
[WhiteElo "2382"]
[BlackElo "2255"]
[PlyCount "55"]
[EventDate "2005.11.05"]
[EventType "team"]
[EventRounds "9"]
[EventCountry "DEN"]
[WhiteTeam "Bronshoj"]
[BlackTeam "SK1968"]
[WhiteTeamCountry "DEN"]
[BlackTeamCountry "DEN"]

1. d4 Nf6 2. Nf3 g6 3. c4 Bg7 4. Nc3 c5 5. d5 O-O 6. e4 d6 7. h3 e6 8. Bd3 exd5
9. exd5 Re8+ 10. Be3 Nbd7 11. Qd2 Nh5 12. O-O-O Qa5 13. g4 Nhf6 14. Rhe1 Nb6
15. Kb1 Nxg4 16. hxg4 Bxg4 17. Ng5 Bxd1 18. Rxd1 a6 19. Nge4 Qb4 20. a3 Nxc4
21. axb4 Nxd2+ 22. Nxd2 cxb4 23. Nce4 b5 24. Nxd6 Red8 25. Bf4 a5 26. N6e4 a4
27. d6 Bd4 28. Nf3 1-0

[Event "Skakligaen 2005/06"]
[Site "Denmark"]
[Date "2005.11.20"]
[Round "3.4"]
[White "Bank, Pelle Rodkjaer"]
[Black "Bromann, Thorbjorn"]
[Result "1/2-1/2"]
[WhiteElo "2286"]
[BlackElo "2349"]
[PlyCount "50"]
[EventDate "2005.11.05"]
[EventType "team"]
[EventRounds "9"]
[EventCountry "DEN"]
[WhiteTeam "SK1968"]
[BlackTeam "Bronshoj"]
[WhiteTeamCountry "DEN"]
[BlackTeamCountry "DEN"]

1. e4 e6 2. d4 d5 3. Nd2 dxe4 4. Nxe4 Bd7 5. Nf3 Bc6 6. Bd3 Nd7 7. Qe2 Ngf6 8.
Neg5 Qe7 9. Bd2 h6 10. Ne4 Nxe4 11. Bxe4 Bxe4 12. Qxe4 c6 13. O-O-O Nf6 14. Qe5
Qd7 15. Kb1 Bd6 16. Qe2 Qc7 17. h3 O-O-O 18. Be3 Qa5 19. Rd3 Qb5 20. Rhd1 Nd5
21. Qd2 Bb4 22. c3 Bd6 23. Qc2 Nb6 24. Ka1 Rhe8 25. Nd2 Qf5 1/2-1/2

[Event "Skakligaen 2005/06"]
[Site "Denmark"]
[Date "2005.11.20"]
[Round "3.5"]
[White "Brinck Claussen, Bjorn"]
[Black "Lindfeldt, Jan Magnus"]
[Result "1-0"]
[WhiteElo "2306"]
[BlackElo "2231"]
[PlyCount "101"]
[EventDate "2005.11.05"]
[EventType "team"]
[EventRounds "9"]
[EventCountry "DEN"]
[WhiteTeam "Bronshoj"]
[BlackTeam "SK1968"]
[WhiteTeamCountry "DEN"]
[BlackTeamCountry "DEN"]

1. e4 e5 2. Nf3 Nc6 3. Bb5 a6 4. Ba4 Nf6 5. O-O Be7 6. Re1 b5 7. Bb3 d6 8. c3
O-O 9. h3 Bb7 10. d4 Re8 11. Nbd2 Bf8 12. a4 h6 13. Bc2 g6 14. Nf1 exd4 15.
cxd4 Nb4 16. d5 Nxc2 17. Qxc2 Qd7 18. Bd2 c6 19. axb5 axb5 20. dxc6 Bxc6 21.
Rxa8 Bxa8 22. Ng3 Qb7 23. Nd4 h5 24. f3 Bg7 25. Qd3 h4 26. Nf1 Nd7 27. Ne3 Ne5
28. Qxb5 Rb8 29. Qxb7 Bxb7 30. Bc3 Bc8 31. Rd1 Kf8 32. Kf2 Bh6 33. Nd5 Bb7 34.
b4 Bxd5 35. exd5 Rc8 36. Nb5 Nc4 37. Rd3 Bf4 38. Na7 Ra8 39. Bd4 f5 40. Ke2
Re8+ 41. Kd1 Be3 42. Nc6 Bxd4 43. Rxd4 Ne3+ 44. Kc1 Nxg2 45. b5 Ne1 46. b6 Nxf3
47. Ra4 Re1+ 48. Kc2 Re2+ 49. Kc3 Re3+ 50. Kc4 Nd2+ 51. Kb5 1-0

[Event "Skakligaen 2005/06"]
[Site "Denmark"]
[Date "2005.11.20"]
[Round "3.6"]
[White "Hansen, Bjarne"]
[Black "Carstensen, Jacob"]
[Result "1/2-1/2"]
[WhiteElo "2253"]
[BlackElo "2303"]
[PlyCount "136"]
[EventDate "2005.11.05"]
[EventType "team"]
[EventRounds "9"]
[EventCountry "DEN"]
[WhiteTeam "SK1968"]
[BlackTeam "Bronshoj"]
[WhiteTeamCountry "DEN"]
[BlackTeamCountry "DEN"]

1. d4 d5 2. c4 dxc4 3. e4 c5 4. d5 Nf6 5. Nc3 b5 6. e5 b4 7. exf6 bxc3 8. bxc3
Nd7 9. fxe7 Bxe7 10. Bxc4 Nb6 11. Bb5+ Bd7 12. Bc6 Bxc6 13. dxc6 Qxd1+ 14. Kxd1
O-O 15. Kc2 Rac8 16. Nf3 Rxc6 17. Re1 Bf6 18. Re4 Re6 19. Rxe6 fxe6 20. Bd2 Nc4
21. Re1 Kf7 22. Re4 Nb6 23. Bg5 Rc8 24. Rh4 Kg6 25. Bxf6 gxf6 26. Rg4+ Kf7 27.
Rh4 Kg6 28. Rg4+ Kf7 29. c4 Nd7 30. Rh4 Kg7 31. Rg4+ Kf7 32. Rh4 Kg7 33. Nd2
Ne5 34. Nb3 Rc6 35. a4 f5 36. Kc3 Ng6 37. Rh3 Nf4 38. Re3 Kf6 39. g3 Nh3 40. f3
f4 41. Rd3 Ke7 42. Rd1 Rc8 43. Nd2 h6 44. Rb1 Rc7 45. Rb8 fxg3 46. hxg3 Ng5 47.
f4 Nf7 48. Ne4 Nd6 49. Nxd6 Kxd6 50. Rd8+ Kc6 51. Rg8 Rh7 52. Rg6 Kd7 53. Kd3
h5 54. Ke4 h4 55. gxh4 Rxh4 56. Rg7+ Kd6 57. Rxa7 Rh1 58. Ra6+ Ke7 59. Rc6 Re1+
60. Kd3 Ra1 61. Rxc5 Rxa4 62. Rc7+ Kd6 63. Rf7 Ra1 64. Rf6 Rd1+ 65. Ke2 Rd4 66.
f5 Ke5 67. Rxe6+ Kxf5 68. Rc6 Ke5 1/2-1/2

[Event "Skakligaen 2005/06"]
[Site "Denmark"]
[Date "2005.11.20"]
[Round "3.7"]
[White "Palm, Nikolaj"]
[Black "Christensen, Thomas K"]
[Result "1/2-1/2"]
[WhiteElo "2231"]
[BlackElo "2245"]
[PlyCount "23"]
[EventDate "2005.11.05"]
[EventType "team"]
[EventRounds "9"]
[EventCountry "DEN"]
[WhiteTeam "Bronshoj"]
[BlackTeam "SK1968"]
[WhiteTeamCountry "DEN"]
[BlackTeamCountry "DEN"]

1. d4 d5 2. Nf3 Nf6 3. e3 Bf5 4. c4 e6 5. Nc3 c6 6. Be2 Bd6 7. O-O Nbd7 8. a3
h6 9. b4 O-O 10. Bb2 a6 11. Qb3 Qe7 12. cxd5 1/2-1/2

[Event "Skakligaen 2005/06"]
[Site "Denmark"]
[Date "2005.11.20"]
[Round "3.8"]
[White "Alkaersig, Ole"]
[Black "Paaske, Asger"]
[Result "1-0"]
[WhiteElo "2181"]
[BlackElo "2176"]
[PlyCount "55"]
[EventDate "2005.11.05"]
[EventType "team"]
[EventRounds "9"]
[EventCountry "DEN"]
[WhiteTeam "SK1968"]
[BlackTeam "Bronshoj"]
[WhiteTeamCountry "DEN"]
[BlackTeamCountry "DEN"]

1. e4 c5 2. Nf3 Nc6 3. Bb5 Nf6 4. Nc3 Qc7 5. O-O Nd4 6. Re1 a6 7. Bc4 Ng4 8. e5
e6 9. Nxd4 cxd4 10. Qxg4 Qxc4 11. Ne4 b6 12. d3 Qc6 13. c3 dxc3 14. bxc3 Bb7
15. a4 Qc7 16. Be3 Qxe5 17. Bd4 Qc7 18. Bxg7 Bxg7 19. Qxg7 O-O-O 20. Qxf7 Rdf8
21. Qe7 Bxe4 22. Rxe4 Kb7 23. Rb1 Re8 24. Qb4 Ka7 25. Rc4 Qb7 26. Qd6 Rhg8 27.
Rc7 Rxg2+ 28. Kf1 1-0

[Event "Skakligaen 2005/06"]
[Site "Denmark"]
[Date "2005.11.20"]
[Round "3.1"]
[White "Pedersen, Christian Kyndel"]
[Black "Rasmussen, Karsten"]
[Result "1/2-1/2"]
[WhiteElo "2405"]
[BlackElo "2455"]
[PlyCount "90"]
[EventDate "2005.11.05"]
[EventType "team"]
[EventRounds "9"]
[EventCountry "DEN"]
[WhiteTeam "Nordre"]
[BlackTeam "Skolerne"]
[WhiteTeamCountry "DEN"]
[BlackTeamCountry "DEN"]

1. e4 c6 2. d4 d5 3. Nc3 dxe4 4. Nxe4 Bf5 5. Ng3 Bg6 6. h4 h6 7. Nf3 Nd7 8. h5
Bh7 9. Bd3 Bxd3 10. Qxd3 e6 11. Bf4 Qa5+ 12. Bd2 Bb4 13. c3 Be7 14. O-O Ngf6
15. c4 Qd8 16. Rfe1 O-O 17. Rad1 a5 18. a3 a4 19. Qe2 Qb6 20. Bc3 c5 21. Ne5
Rad8 22. Nxd7 Rxd7 23. dxc5 Qc7 24. Nf5 exf5 25. Rxd7 Qxd7 26. Qxe7 Re8 27. Qd6
Rxe1+ 28. Bxe1 Qe8 29. Bc3 Nxh5 30. g3 Qe4 31. Qd1 Qg4 32. Qd8+ Kh7 33. Qd7 f6
34. Qxb7 f4 35. Qe4+ f5 36. Qd4 Qg6 37. Qd6 Qg4 38. Qd4 Qg6 39. Qd6 Qg4 40. Be5
Nxg3 41. fxg3 Qxg3+ 42. Kf1 Qf3+ 43. Ke1 Qe3+ 44. Kd1 f3 45. Bd4 Qe2+ 1/2-1/2

[Event "Skakligaen 2005/06"]
[Site "Denmark"]
[Date "2005.11.20"]
[Round "3.2"]
[White "Sorensen, Jan"]
[Black "Christensen, Jan Schleicher"]
[Result "1/2-1/2"]
[WhiteElo "2416"]
[BlackElo "2243"]
[PlyCount "26"]
[EventDate "2005.11.05"]
[EventType "team"]
[EventRounds "9"]
[EventCountry "DEN"]
[WhiteTeam "Skolerne"]
[BlackTeam "Nordre"]
[WhiteTeamCountry "DEN"]
[BlackTeamCountry "DEN"]

1. e4 e5 2. Bc4 Nf6 3. d3 Bc5 4. Nc3 c6 5. Nf3 d6 6. h3 O-O 7. Bb3 Be6 8. O-O
Nbd7 9. Ne2 Bxb3 10. axb3 d5 11. Ng3 Re8 12. Qe2 Nf8 13. Be3 Bb6 1/2-1/2

[Event "Skakligaen 2005/06"]
[Site "Denmark"]
[Date "2005.11.20"]
[Round "3.3"]
[White "Petersen, Tom Petri"]
[Black "Ochsner, Thomas"]
[Result "1-0"]
[WhiteElo "2241"]
[BlackElo "2347"]
[PlyCount "69"]
[EventDate "2005.11.05"]
[EventType "team"]
[EventRounds "9"]
[EventCountry "DEN"]
[WhiteTeam "Nordre"]
[BlackTeam "Skolerne"]
[WhiteTeamCountry "DEN"]
[BlackTeamCountry "DEN"]

1. e4 e5 2. Nf3 Nc6 3. Bc4 Bc5 4. c3 Nf6 5. d4 exd4 6. cxd4 Bb4+ 7. Bd2 Bxd2+
8. Nbxd2 d5 9. exd5 Nxd5 10. O-O O-O 11. Bb5 Nde7 12. Re1 a6 13. Bc4 b5 14. Bb3
Bg4 15. h3 Bh5 16. Qc2 a5 17. Qc5 Bxf3 18. Nxf3 a4 19. d5 axb3 20. dxc6 Ng6 21.
axb3 Qd3 22. Qc3 Qf5 23. Rad1 Ra6 24. Rd7 Nf4 25. Nd4 Qf6 26. Qf3 h6 27. Kh2
Qg5 28. Re4 Ne6 29. Rxe6 fxe6 30. Qxf8+ Kxf8 31. Nxe6+ Ke8 32. Nxc7+ Kf8 33.
Ne6+ Ke8 34. Nxg5 Rxc6 35. Rxg7 1-0

[Event "Skakligaen 2005/06"]
[Site "Denmark"]
[Date "2005.11.20"]
[Round "3.4"]
[White "Christensen, Tobias"]
[Black "Hoiberg, Nina"]
[Result "1-0"]
[WhiteElo "2322"]
[BlackElo "2252"]
[PlyCount "123"]
[EventDate "2005.11.05"]
[EventType "team"]
[EventRounds "9"]
[EventCountry "DEN"]
[WhiteTeam "Skolerne"]
[BlackTeam "Nordre"]
[WhiteTeamCountry "DEN"]
[BlackTeamCountry "DEN"]

1. e4 e5 2. Nf3 d6 3. d4 Nd7 4. Be3 Be7 5. h3 c6 6. Nbd2 Ngf6 7. Qe2 Qa5 8. c3
b5 9. g3 Qc7 10. a4 bxa4 11. Rxa4 Nb6 12. Ra5 Nbd5 13. Ra4 Nb6 14. Ra5 Nbd5 15.
Ra1 Nxe3 16. Qxe3 exd4 17. Nxd4 O-O 18. Bg2 d5 19. O-O Bc5 20. exd5 cxd5 21. b4
Re8 22. Nb5 Bxe3 23. Nxc7 Bxd2 24. Nxa8 Bxc3 25. Rxa7 Bxb4 26. Nc7 Rf8 27. Rc1
d4 28. Nd5 Nxd5 29. Bxd5 Bc3 30. Kg2 Bf5 31. g4 Bd3 32. f4 g6 33. Kf3 Kg7 34.
Ra8 Rxa8 35. Bxa8 h6 36. Be4 Bc4 37. Rd1 Bb3 38. Rb1 Bc4 39. Rd1 Bb3 40. Rb1
Bc4 41. Bc2 Bd5+ 42. Ke2 g5 43. fxg5 hxg5 44. Rb6 Bg2 45. Bd3 f6 46. Kf2 Bd5
47. Rd6 Bf7 48. Kf3 Bg6 49. Rd7+ Kh6 50. Bf5 Bb2 51. Ke4 Bc3 52. Kd3 Bb2 53.
Kc4 Bc3 54. Kd5 Bxf5 55. gxf5 g4 56. hxg4 Kg5 57. Ke4 Kxg4 58. Rg7+ Kh5 59. Rg6
Kh4 60. Rxf6 Kg5 61. Rg6+ Kh5 62. Rg8 1-0

[Event "Skakligaen 2005/06"]
[Site "Denmark"]
[Date "2005.11.20"]
[Round "3.5"]
[White "Veng, Johny"]
[Black "Rasmussen, Casper Dahl"]
[Result "1/2-1/2"]
[WhiteElo "2185"]
[BlackElo "2324"]
[PlyCount "113"]
[EventDate "2005.11.05"]
[EventType "team"]
[EventRounds "9"]
[EventCountry "DEN"]
[WhiteTeam "Nordre"]
[BlackTeam "Skolerne"]
[WhiteTeamCountry "DEN"]
[BlackTeamCountry "DEN"]

1. Nf3 d5 2. g3 Nf6 3. Bg2 e6 4. O-O Be7 5. d4 O-O 6. c4 dxc4 7. Qc2 a6 8. Qxc4
b5 9. Qc2 Bb7 10. Bf4 Bd6 11. Nbd2 Bxf4 12. gxf4 Qd6 13. e3 Nbd7 14. Nb3 Be4
15. Qe2 c5 16. dxc5 Nxc5 17. Rfd1 Nd5 18. Nxc5 Qxc5 19. Rac1 Qb6 20. Ne5 Bxg2
21. Kxg2 Rac8 22. Qf3 Rxc1 23. Rxc1 Qa5 24. a3 Qd2 25. Rc6 a5 26. Qe4 Qxb2 27.
Nxf7 Qf6 28. Ng5 Qf5 29. Qxe6+ Qxe6 30. Nxe6 Rb8 31. e4 Nb6 32. Nd4 b4 33. axb4
axb4 34. Kf3 Na4 35. Nb3 Rd8 36. Nc5 Nxc5 37. Rxc5 Rb8 38. Rc2 b3 39. Rb2 Kf7
40. Ke3 Ke6 41. f3 g6 42. Kd4 Rd8+ 43. Kc4 Rc8+ 44. Kxb3 Rf8 45. Kc4 Rxf4 46.
Rf2 Ke5 47. Kd3 g5 48. Ke3 g4 49. fxg4 Rxe4+ 50. Kf3 Rf4+ 51. Kg3 Rxf2 52. Kxf2
Kf4 53. h3 h5 54. gxh5 Kg5 55. h4+ Kxh5 56. Kg3 Kh6 57. Kg4 1/2-1/2

[Event "Skakligaen 2005/06"]
[Site "Denmark"]
[Date "2005.11.20"]
[Round "3.6"]
[White "Pedersen, Finn"]
[Black "Pedersen, Karl"]
[Result "1-0"]
[WhiteElo "2315"]
[BlackElo "2244"]
[PlyCount "59"]
[EventDate "2005.11.05"]
[EventType "team"]
[EventRounds "9"]
[EventCountry "DEN"]
[WhiteTeam "Skolerne"]
[BlackTeam "Nordre"]
[WhiteTeamCountry "DEN"]
[BlackTeamCountry "DEN"]

1. g3 Nf6 2. Bg2 g6 3. c4 Bg7 4. Nc3 e5 5. e3 d6 6. Nge2 O-O 7. O-O Re8 8. d3
Nc6 9. Rb1 Bf5 10. e4 Bd7 11. h3 Nd4 12. Nxd4 exd4 13. Ne2 c6 14. Nxd4 d5 15.
Re1 Qb6 16. Nb3 dxc4 17. dxc4 Rad8 18. Qc2 Be6 19. Be3 Qb4 20. Nd2 Nd7 21. f4
b5 22. a3 Qa5 23. Kh2 b4 24. axb4 Qxb4 25. f5 gxf5 26. exf5 Bxf5 27. Qxf5 Rxe3
28. Rxe3 Qxd2 29. Rd3 Qc2 30. Rf1 1-0

[Event "Skakligaen 2005/06"]
[Site "Denmark"]
[Date "2005.11.20"]
[Round "3.7"]
[White "Hansen, Per"]
[Black "Jacobsen, Bo"]
[Result "0-1"]
[WhiteElo "2140"]
[BlackElo "2279"]
[PlyCount "52"]
[EventDate "2005.11.05"]
[EventType "team"]
[EventRounds "9"]
[EventCountry "DEN"]
[WhiteTeam "Nordre"]
[BlackTeam "Skolerne"]
[WhiteTeamCountry "DEN"]
[BlackTeamCountry "DEN"]

1. d4 Nf6 2. c4 c5 3. d5 e5 4. Nc3 d6 5. e4 Be7 6. g3 Nbd7 7. Bg2 Nf8 8. h4 h5
9. Nge2 Ng6 10. f3 Bd7 11. Bh3 Bxh3 12. Rxh3 a6 13. Rh2 O-O 14. Qc2 Qd7 15. Nd1
b5 16. Ne3 Rab8 17. Nf5 Bd8 18. Bd2 Ne7 19. g4 hxg4 20. Neg3 gxf3 21. O-O-O Ng4
22. Rg1 Nxh2 23. Bh6 Ng4 24. Nh5 Nxf5 25. exf5 f2 26. Nf6+ Bxf6 0-1

[Event "Skakligaen 2005/06"]
[Site "Denmark"]
[Date "2005.11.20"]
[Round "3.8"]
[White "Rewitz, Poul"]
[Black "Danstrup, Niels"]
[Result "1/2-1/2"]
[WhiteElo "2246"]
[BlackElo "2120"]
[PlyCount "70"]
[EventDate "2005.11.05"]
[EventType "team"]
[EventRounds "9"]
[EventCountry "DEN"]
[WhiteTeam "Skolerne"]
[BlackTeam "Nordre"]
[WhiteTeamCountry "DEN"]
[BlackTeamCountry "DEN"]

1. b3 e5 2. Bb2 d6 3. e3 Nf6 4. Nf3 g6 5. d4 e4 6. Nfd2 c6 7. c4 d5 8. Nc3 Be7
9. Be2 Be6 10. O-O O-O 11. f3 exf3 12. Bxf3 Nbd7 13. Qe2 Re8 14. cxd5 cxd5 15.
e4 dxe4 16. Ndxe4 Nxe4 17. Bxe4 Bf6 18. Qf2 Rc8 19. Bxb7 Qb6 20. Nd5 Qxb7 21.
Nxf6+ Nxf6 22. Qxf6 Bd5 23. Rae1 Qb5 24. Qf2 Qd3 25. Rd1 Qe2 26. Rd2 Qa6 27.
Bc1 Re4 28. Qg3 Qe6 29. Ba3 Re2 30. Rxe2 Qxe2 31. Qf2 Rc2 32. Qxe2 Rxe2 33. Rf2
Re1+ 34. Rf1 Re2 35. Rf2 Re1+ 1/2-1/2

[Event "Skakligaen 2005/06"]
[Site "Denmark"]
[Date "2005.11.20"]
[Round "3.1"]
[White "Schandorff, Lars"]
[Black "Hansen, Sune Berg"]
[Result "1-0"]
[WhiteElo "2530"]
[BlackElo "2558"]
[PlyCount "98"]
[EventDate "2005.11.05"]
[EventType "team"]
[EventRounds "9"]
[EventCountry "DEN"]
[WhiteTeam "Helsinge"]
[BlackTeam "Helsingor"]
[WhiteTeamCountry "DEN"]
[BlackTeamCountry "DEN"]

1. d4 Nf6 2. Nf3 d5 3. c4 e6 4. Nc3 Bb4 5. cxd5 exd5 6. Bg5 O-O 7. e3 c5 8. Bd3
c4 9. Bc2 Nbd7 10. O-O Qa5 11. Qc1 Re8 12. Nd2 Bxc3 13. bxc3 Ne4 14. Bxe4 dxe4
15. Bf4 Nb6 16. Qc2 Qf5 17. Rfb1 Bd7 18. a4 Rac8 19. Bg3 Qa5 20. Ra3 Qa6 21.
Qb2 Bc6 22. Qa2 Bd5 23. Rb5 Red8 24. Qb1 Bc6 25. Rb4 Nxa4 26. Nxc4 Be8 27. Qa2
b5 28. Nd2 Qg6 29. c4 a6 30. h3 Bd7 31. Qb1 Re8 32. Raxa4 bxa4 33. Rb7 Bf5 34.
Qb4 h5 35. Kh2 Qf6 36. h4 Qc6 37. Rb6 Qd7 38. Rd6 Qa7 39. Qxa4 a5 40. Rd5 Bg4
41. Rxa5 Qb7 42. Ra7 Qb2 43. Qa2 Qxa2 44. Rxa2 Be2 45. c5 Bd3 46. Rb2 Re7 47.
Rb6 Ra7 48. c6 Ra2 49. Nb3 Rb2 1-0

[Event "Skakligaen 2005/06"]
[Site "Denmark"]
[Date "2005.11.20"]
[Round "3.2"]
[White "Mortensen, Erling"]
[Black "Berg, Emanuel"]
[Result "0-1"]
[WhiteElo "2474"]
[BlackElo "2540"]
[PlyCount "60"]
[EventDate "2005.11.05"]
[EventType "team"]
[EventRounds "9"]
[EventCountry "DEN"]
[WhiteTeam "Helsingor"]
[BlackTeam "Helsinge"]
[WhiteTeamCountry "DEN"]
[BlackTeamCountry "DEN"]

1. e4 e6 2. Qe2 c5 3. Nf3 Nc6 4. g3 g6 5. Bg2 Bg7 6. O-O Nge7 7. c3 e5 8. d3
O-O 9. a4 d6 10. Na3 h6 11. Nc4 Be6 12. Nfd2 Qd7 13. Re1 Rad8 14. a5 Qc7 15.
Qd1 f5 16. exf5 Bxf5 17. a6 Bxd3 18. axb7 d5 19. Ne3 c4 20. Qa4 Qxb7 21. b3 e4
22. bxc4 Bxc3 23. cxd5 Nxd5 24. Nxd5 Rxd5 25. Bxe4 Bxe4 26. Qxe4 Qf7 27. Ra6
Re5 28. Rxc6 Qxf2+ 29. Kh1 Rxe4 30. Rxg6+ Kf7 0-1

[Event "Skakligaen 2005/06"]
[Site "Denmark"]
[Date "2005.11.20"]
[Round "3.3"]
[White "Pedersen, Steffen"]
[Black "Holmsgaard, Henrik"]
[Result "1/2-1/2"]
[WhiteElo "2463"]
[BlackElo "2344"]
[PlyCount "100"]
[EventDate "2005.11.05"]
[EventType "team"]
[EventRounds "9"]
[EventCountry "DEN"]
[WhiteTeam "Helsinge"]
[BlackTeam "Helsingor"]
[WhiteTeamCountry "DEN"]
[BlackTeamCountry "DEN"]

1. d4 d5 2. c4 c6 3. Nc3 Nf6 4. e3 g6 5. Nf3 Bg7 6. Qb3 O-O 7. Bd2 b6 8. Rc1
Bb7 9. cxd5 cxd5 10. Ne5 Nfd7 11. Nxd7 Qxd7 12. Bb5 Qd6 13. Be2 Rc8 14. O-O Qd7
15. a4 e6 16. a5 bxa5 17. Na4 Bc6 18. Nc5 a4 19. Nxa4 Bf8 20. Nc5 Qe8 21. Ba5
Bd6 22. Qa2 Nd7 23. Ba6 Rcb8 24. Ne4 dxe4 25. Rxc6 Qe7 26. Rfc1 Nb6 27. Qb1 Nd5
28. Qxe4 Rxb2 29. Qf3 Ra2 30. Be1 Ra3 31. g3 Rf8 32. Bf1 a5 33. Qd1 Nb4 34.
R6c4 e5 35. dxe5 Bxe5 36. Bg2 Nd3 37. Rb1 Nb2 38. Rxb2 Bxb2 39. Qc2 Bg7 40. Kf1
Ra1 41. Ke2 Qa3 42. Qe4 Qb3 43. Qd5 Bf6 44. Rc7 Qb2+ 45. Bd2 a4 46. Be4 a3 47.
Rb7 Qe5 48. Ra7 Qb2 49. Rb7 Qe5 50. Ra7 Qb2 1/2-1/2

[Event "Skakligaen 2005/06"]
[Site "Denmark"]
[Date "2005.11.20"]
[Round "3.4"]
[White "Nielsen, Nicholas Roland"]
[Black "Berg, Klaus"]
[Result "0-1"]
[WhiteElo "2172"]
[BlackElo "2404"]
[PlyCount "70"]
[EventDate "2005.11.05"]
[EventType "team"]
[EventRounds "9"]
[EventCountry "DEN"]
[WhiteTeam "Helsingor"]
[BlackTeam "Helsinge"]
[WhiteTeamCountry "DEN"]
[BlackTeamCountry "DEN"]

1. e4 g6 2. d4 Bg7 3. Nc3 d6 4. Be3 a6 5. Qd2 Nd7 6. h3 b5 7. a3 Bb7 8. Nf3 c5
9. Bd3 Ngf6 10. e5 cxd4 11. Bxd4 dxe5 12. Nxe5 Bxg2 13. Rh2 Nxe5 14. Bxe5 Bc6
15. O-O-O O-O 16. Qg5 Qb6 17. Rg1 b4 18. axb4 Qxb4 19. f4 Rab8 20. Re2 Rfd8 21.
Bxb8 Rxb8 22. Nd1 Nd5 23. c4 Bf6 24. Qg3 Qc5 25. Kb1 Nb4 26. f5 Rd8 27. fxg6
Nxd3 28. gxh7+ Kxh7 29. Ne3 Be4 30. Nd5 Bg6 31. Re4 Nb4 32. Nxf6+ exf6 33. Qh4+
Kg7 34. Rxg6+ fxg6 35. Qe1 Qf5 0-1

[Event "Skakligaen 2005/06"]
[Site "Denmark"]
[Date "2005.11.20"]
[Round "3.5"]
[White "Fries Nielsen, Niels Jorgen"]
[Black "Larsen, Ole Bogh"]
[Result "1/2-1/2"]
[WhiteElo "2386"]
[BlackElo "2202"]
[PlyCount "41"]
[EventDate "2005.11.05"]
[EventType "team"]
[EventRounds "9"]
[EventCountry "DEN"]
[WhiteTeam "Helsinge"]
[BlackTeam "Helsingor"]
[WhiteTeamCountry "DEN"]
[BlackTeamCountry "DEN"]

1. f4 d5 2. Nf3 Nf6 3. e3 Bg4 4. Be2 Nbd7 5. b3 e6 6. Bb2 Bd6 7. Ne5 Bxe2 8.
Qxe2 O-O 9. d3 c6 10. Nd2 Qe7 11. a4 Ne8 12. O-O f6 13. Nxd7 Qxd7 14. e4 Nc7
15. e5 fxe5 16. Bxe5 Bxe5 17. Qxe5 Rf5 18. Qd4 b6 19. g4 e5 20. fxe5 c5 21. Qe3
1/2-1/2

[Event "Skakligaen 2005/06"]
[Site "Denmark"]
[Date "2005.11.20"]
[Round "3.6"]
[White "Jorgensen, Michael"]
[Black "Bekker Jensen, Simon"]
[Result "1/2-1/2"]
[WhiteElo "2185"]
[BlackElo "2410"]
[PlyCount "74"]
[EventDate "2005.11.05"]
[EventType "team"]
[EventRounds "9"]
[EventCountry "DEN"]
[WhiteTeam "Helsingor"]
[BlackTeam "Helsinge"]
[WhiteTeamCountry "DEN"]
[BlackTeamCountry "DEN"]

1. d4 Nf6 2. c4 g6 3. Nc3 Bg7 4. e4 d6 5. f3 O-O 6. Nge2 c5 7. d5 e6 8. Ng3
exd5 9. cxd5 Nbd7 10. Be2 h5 11. O-O a6 12. a4 Nh7 13. Nh1 h4 14. Nf2 g5 15.
Ra3 Ne5 16. Re1 Bd7 17. g3 hxg3 18. hxg3 Qf6 19. Kg2 Qg6 20. Rh1 f5 21. exf5
Bxf5 22. Qd2 Rae8 23. Rb3 Re7 24. Rb6 g4 25. f4 Nf3 26. Qd1 Bc2 27. Bd3 Bxd3
28. Qxd3 Qxd3 29. Nxd3 Rfe8 30. Rxd6 Bxc3 31. bxc3 Re2+ 32. Nf2 Ne1+ 33. Kf1
Rxf2+ 34. Kxf2 Nd3+ 35. Kg2 Re2+ 36. Kf1 Re1+ 37. Kg2 Re2+ 1/2-1/2

[Event "Skakligaen 2005/06"]
[Site "Denmark"]
[Date "2005.11.20"]
[Round "3.7"]
[White "Bekker Jensen, David"]
[Black "Vinther Juul, Kristian"]
[Result "1/2-1/2"]
[WhiteElo "2285"]
[BlackElo "2112"]
[PlyCount "61"]
[EventDate "2005.11.05"]
[EventType "team"]
[EventRounds "9"]
[EventCountry "DEN"]
[WhiteTeam "Helsinge"]
[BlackTeam "Helsingor"]
[WhiteTeamCountry "DEN"]
[BlackTeamCountry "DEN"]

1. d4 e6 2. c4 d5 3. Nc3 Nf6 4. cxd5 exd5 5. Bg5 Be7 6. e3 c6 7. Bd3 O-O 8. Qc2
Nbd7 9. Nf3 Re8 10. O-O Nf8 11. h3 Nh5 12. Bxe7 Qxe7 13. Rab1 Nf6 14. b4 a6 15.
a4 Ne4 16. b5 axb5 17. axb5 Nxc3 18. Qxc3 Ra3 19. Qc2 Qf6 20. bxc6 bxc6 21. Ne5
Qh6 22. Rb6 f6 23. Rxc6 Bxh3 24. Bf5 Bxg2 25. Kxg2 Qg5+ 26. Ng4 Re4 27. Bxe4
Qxg4+ 28. Kh2 dxe4 29. Qd1 Qh4+ 30. Kg2 Ra5 31. Rc5 1/2-1/2